000 00683nam a22002177a 4500
003 UA-OsUOA
001 121352
007 ta
008 20170320b un ||||| |||| 00| 0 ukr d
100 _aКуліш І.М.
090 _a330(477)
_bК90
942 _cSA
040 _aUA-OsUOA
_bukr
_cUA-OsUOA
_dUA-OsUOA
245 _aВплив неформальних інститутів на розвиток сільської кооперації в Україні
300 _aС.75-83
955 _a0
041 _aukr
080 _a330(477)
773 0 _w121347
_tРегіональна економіка
_dЛьвів
_d2016
_g4
650 7 _a330 Економіка взагалі
_2UDC
999 _c407332
_d407332